<?xml version="1.0" encoding="UTF-8"?>
<record
    xmlns:xsi="http://www.w3.org/2001/XMLSchema-instance"
    xsi:schemaLocation="http://www.loc.gov/MARC21/slim http://www.loc.gov/standards/marcxml/schema/MARC21slim.xsd"
    xmlns="http://www.loc.gov/MARC21/slim">

  <leader>00767nam a22002057a 4500</leader>
  <controlfield tag="005">20220507102526.0</controlfield>
  <controlfield tag="008">220507b           ||||| |||| 00| 0 eng d</controlfield>
  <datafield tag="040" ind1=" " ind2=" ">
    <subfield code="c">AL</subfield>
  </datafield>
  <datafield tag="041" ind1=" " ind2=" ">
    <subfield code="a">Kannada</subfield>
  </datafield>
  <datafield tag="082" ind1=" " ind2=" ">
    <subfield code="2">23</subfield>
    <subfield code="a">355K</subfield>
    <subfield code="b">BALR</subfield>
  </datafield>
  <datafield tag="100" ind1=" " ind2=" ">
    <subfield code="a">H K Balasuri &#xC8E;&#xC9A;&#xCCD;. &#xC95;&#xCC6;. &#xCAC;&#xCBE;&#xCB2;&#xCB8;&#xCC2;&#xCB0;&#xCBF;  </subfield>
    <subfield code="9">34678</subfield>
  </datafield>
  <datafield tag="245" ind1=" " ind2=" ">
    <subfield code="a">Rakshavahini:Bharatiya senapadegala parichaya &#xCB0;&#xC95;&#xCCD;&#xCB7;&#xCB5;&#xCBE;&#xCB9;&#xCBF;&#xCA8;&#xCBF; :&#xCAD;&#xCBE;&#xCB0;&#xCA4;&#xCC0;&#xCAF; &#xCB8;&#xCC7;&#xCA8;&#xCBE;&#xCAA;&#xCA1;&#xCC6;&#xC97;&#xCB3; &#xCAA;&#xCB0;&#xCBF;&#xC9A;&#xCAF; </subfield>
  </datafield>
  <datafield tag="260" ind1=" " ind2=" ">
    <subfield code="a">Bengaluru</subfield>
    <subfield code="b">Anoohya Creations</subfield>
    <subfield code="c">2000</subfield>
  </datafield>
  <datafield tag="300" ind1=" " ind2=" ">
    <subfield code="a">xvi,136 p.</subfield>
    <subfield code="b">PB</subfield>
    <subfield code="c">24x18 cm.</subfield>
  </datafield>
  <datafield tag="365" ind1=" " ind2=" ">
    <subfield code="c">&#x20B9;</subfield>
    <subfield code="d">&#x20B9;375.00</subfield>
  </datafield>
  <datafield tag="650" ind1=" " ind2=" ">
    <subfield code="a">Yuddagalu &#xCAF;&#xCC1;&#xCA6;&#xCCD;&#xCA7;&#xC97;&#xCB3;&#xCC1; </subfield>
    <subfield code="9">34679</subfield>
  </datafield>
  <datafield tag="650" ind1=" " ind2=" ">
    <subfield code="a">&#xCAF;&#xCCB;&#xCA7;&#xCB0;&#xCC1; &#xCAE;&#xCA4;&#xCCD;&#xCA4;&#xCC1; &#xCB8;&#xCBE;&#xCA7;&#xCA8;&#xCC6; </subfield>
    <subfield code="9">34680</subfield>
  </datafield>
  <datafield tag="700" ind1=" " ind2=" ">
    <subfield code="a">BALASURI (H K)</subfield>
    <subfield code="9">34681</subfield>
  </datafield>
  <datafield tag="942" ind1=" " ind2=" ">
    <subfield code="2">ddc</subfield>
    <subfield code="c">GF</subfield>
  </datafield>
  <datafield tag="999" ind1=" " ind2=" ">
    <subfield code="c">222828</subfield>
    <subfield code="d">222828</subfield>
  </datafield>
</record>
